header

Financial markets and institutions (Record no. 251956)

MARC details
000 -LEADER
fixed length control field 00390nam a22001577a 4500
003 - CONTROL NUMBER IDENTIFIER
control field OSt
005 - DATE AND TIME OF LATEST TRANSACTION
control field 20170523141227.0
008 - FIXED-LENGTH DATA ELEMENTS--GENERAL INFORMATION
fixed length control field 170523b xxu||||| |||| 00| 0 eng d
020 ## - INTERNATIONAL STANDARD BOOK NUMBER
International Standard Book Number 9780073382296
040 ## - CATALOGING SOURCE
Transcribing agency RU
050 ## - LIBRARY OF CONGRESS CALL NUMBER
Classification number HG4910
Item number .S28 2009
100 ## - MAIN ENTRY--PERSONAL NAME
Personal name Anthony Saunders
245 ## - TITLE STATEMENT
Title Financial markets and institutions
260 ## - PUBLICATION, DISTRIBUTION, ETC. (IMPRINT)
Place of publication, distribution, etc New york
Name of publisher, distributor, etc McGraw Hill
Date of publication, distribution, etc 2009
942 ## - ADDED ENTRY ELEMENTS (KOHA)
Koha item type Long Loan Books
Source of classification or shelving scheme Library of Congress Classification
Holdings
Withdrawn status Lost status Source of classification or shelving scheme Damaged status Not for loan Collection code Home library Current library Shelving location Date acquired Total Checkouts Full call number Barcode Date last seen Price effective from Koha item type Checked out Date checked out
    Library of Congress Classification     Non-fiction Rongo University Library Rongo University Library General Stacks 23/05/2017   HG4910.S28 2009 201616965 23/05/2017 23/05/2017 Long Loan Books    
    Library of Congress Classification     Non-fiction Rongo University Library Rongo University Library General Stacks 23/05/2017   HG4910 .S28 2009 20168521 23/05/2017 23/05/2017 Long Loan Books    
    Library of Congress Classification     Non-fiction Rongo University Library Rongo University Library General Stacks 23/05/2017   HG4910 .S28 2009 20168482 23/05/2017 23/05/2017 Long Loan Books    
    Library of Congress Classification     Non-fiction Rongo University Library Rongo University Library General Stacks 23/05/2017 1 HG4910 .S28 2009 201610337 01/12/2017 23/05/2017 Long Loan Books   02/11/2017
    Library of Congress Classification     Non-fiction Rongo University Library Rongo University Library General Stacks 23/05/2017 1 HG4910 .S28 2009 201612071 27/06/2017 23/05/2017 Long Loan Books   23/05/2017
    Library of Congress Classification     Non-fiction Rongo University Library Rongo University Library General Stacks 23/05/2017 1 HG4910 .S28 2009 201612070 02/03/2026 23/05/2017 Long Loan Books   20/02/2026
    Library of Congress Classification     Non-fiction Rongo University Library Sori Campus General Stacks 23/05/2017 2 HG4910 .S28 2009 201611819 23/06/2025 23/05/2017 Long Loan Books 01/07/2026 23/06/2025

© 2026 Rongo University
Contact us: librarian | system librarian | Rongo university